000 00575nam a2200193 4500
001 148807
003 ES-MaACL
005 20230906202822.0
007 t|
008 070214s1964 sp r ||||1| spa d
100 1 _aGarcía Suárez, Germán.
_955315
245 1 3 _aLa religiosa en ejercicios /
_cGermán G. Suárez, O. de M.
260 _aMadrid :
_bStudium,
_c1964 (
_fHalar)
300 _a453 p. ;
_c19 cm.
490 1 _aCol. para religiosas ;
_v10
830 0 _aCol. para religiosas ;
_v10
_9187524
852 _aES-MaACL
_jC-25708
_bR.54536
999 _c148807
_d148807